banner-ar

OFFICE ON THE GO: TOOLS, TIPS AND TECHNIQUES FOR EVERY BUSINESS TRAVELER / (Record no. 20087)

MARC details
000 -الفاتح
حقل البيانات ثابتة الطول 00569nam a2200205Ia 4500
008 - عناصر البيانات ثابتة الطول - معلومات عامة
حقل البيانات ثابتة الطول 140319s9999 xx 000 0 eng d
040 ## - مصدر الفهرسة
وكالة الفهرسة الأصلية GCL /
وكالة النسخ GCL
082 04 - رقم تصنيف ديوى العشرى
رقم التصنيف 651.3
رقم المادة B O
100 1# - المدخل الرئيسى - إسم شخصى
الإسم الشخصى BAKER, KIM
245 10 - بيان العنوان
العنوان OFFICE ON THE GO: TOOLS, TIPS AND TECHNIQUES FOR EVERY BUSINESS TRAVELER /
بيان المسئوليه,etc BAKER, KIM
700 1# - المدخل الاضافى - اسم شخصى
الإسم الشخصى BAKER, SUNNY
260 ## - PUBLICATION, DISTRIBUTION, ETC. (IMPRINT)
تاريخ النشر أو التوزيع 1993
300 ## - الوصف المادى
التعداد 324 P
650 04 - المدخل الاضافى بالموضوع-مصطلح موضوعى
مصطلح موضوعي ELECTRONIC OFFICE MACHINE
650 04 - المدخل الاضافى بالموضوع-مصطلح موضوعى
مصطلح موضوعي PORTABLE COMPUTER
650 04 - المدخل الاضافى بالموضوع-مصطلح موضوعى
مصطلح موضوعي OFFICE EQUIPMENT
650 04 - المدخل الاضافى بالموضوع-مصطلح موضوعى
مصطلح موضوعي BUSINESS
942 ## - عناصر المدخل الإضافي( كوها)
مصدر التصنيف او مخطط الترفيف Dewey Decimal Classification
Koha [default] item type كتاب
260 ## - PUBLICATION, DISTRIBUTION, ETC. (IMPRINT)
-- [S.N] :
-- PRENTICE HALL ،
Holdings
حالة التراجع حالة الفقد حالة تلف ليس للاعارة المكان المؤقت الموقع الحالى تاريخ الاكتساب اجمالي اﻻعارات رقم الطلب الباركود تاريخ اخر مشاهدة تاريخ تفعيل السعر نوع وعاء كوها
        مكتبة القاهرة الكبرى مكتبة القاهرة الكبرى 03/26/2014   651.3\B O 37893 03/26/2014 03/26/2014 كتاب

Powered By

EGPV